|
|
|
|
| LEADER |
00000nam0a2200000 4500 |
| 001 |
76766 |
| 005 |
20231101212908.0 |
| 010 |
|
|
|a 5030034617
|
| 035 |
|
|
|a (RuTPU)RU\TPU\book\82288
|
| 090 |
|
|
|a 76766
|
| 100 |
|
|
|a 20050504d2004 m y0rusy50 ca
|
| 101 |
1 |
|
|a rus
|c eng
|
| 102 |
|
|
|a RU
|
| 105 |
|
|
|a a j 001zy
|
| 200 |
1 |
|
|a Химия гетероциклических соединений
|e пер. с англ.
|f Дж. Джоуль, К. Миллс
|
| 205 |
|
|
|a 2-е изд., перераб.
|
| 210 |
|
|
|a Москва
|c Мир
|d 2004
|
| 215 |
|
|
|a 728 с.
|c ил.
|
| 225 |
1 |
|
|a Лучший зарубежный учебник
|
| 320 |
|
|
|a Библиография в конце глав.
|
| 320 |
|
|
|a Предметный указатель: с. 688-714
|
| 330 |
|
|
|a В учебном издании, написанном известными английскими учеными, изложены основные теоретические представления о реакционной способности и методах синтеза различных классов гетероциклических соединений и отдельных их представителей; показана роль гетероциклических соединений в химии твердого тела, биологических процессах, химии полимеров-полупроводников. Особое внимание уделено освещению последних достижений в этой важной области органической химии, имеющей большое значение в медицинской химии, фармакологии и биохимии. По полноте и широте представленного материала может использоваться как справочно-энциклопедическое издание. Для студентов, аспирантов и преподавателей химических, биологических и медицинских вузов, а также специалистов.
|
| 606 |
1 |
|
|a Гетероциклические соединения
|x Химия
|2 stltpush
|3 (RuTPU)RU\TPU\subj\6386
|9 34281
|
| 610 |
1 |
|
|a ароматические соединения
|
| 610 |
1 |
|
|a реакционная способность
|
| 610 |
1 |
|
|a синтез
|
| 610 |
1 |
|
|a пиридины
|
| 610 |
1 |
|
|a хинолины
|
| 610 |
1 |
|
|a изохинолины
|
| 610 |
1 |
|
|a химические реакции
|
| 610 |
1 |
|
|a пирилий
|
| 610 |
1 |
|
|a бензопирилий
|
| 610 |
1 |
|
|a пироны
|
| 610 |
1 |
|
|a бензопироны
|
| 610 |
1 |
|
|a катионы
|
| 610 |
1 |
|
|a диазины
|
| 610 |
1 |
|
|a пиридазины
|
| 610 |
1 |
|
|a пиримидины
|
| 610 |
1 |
|
|a пиразины
|
| 610 |
1 |
|
|a пирролы
|
| 610 |
1 |
|
|a тиофены
|
| 610 |
1 |
|
|a фураны
|
| 610 |
1 |
|
|a индолы
|
| 610 |
1 |
|
|a бензо[b]тиофены
|
| 610 |
1 |
|
|a бензо[b]фураны
|
| 610 |
1 |
|
|a изоиндолы
|
| 610 |
1 |
|
|a бензо[c]тиофены
|
| 610 |
1 |
|
|a изобензофураны
|
| 610 |
1 |
|
|a азолы
|
| 610 |
1 |
|
|a имидазолы
|
| 610 |
1 |
|
|a тиазолы
|
| 610 |
1 |
|
|a оксазолы
|
| 610 |
1 |
|
|a пиразолы
|
| 610 |
1 |
|
|a изотиазолы
|
| 610 |
1 |
|
|a изоксазолы
|
| 610 |
1 |
|
|a бензаннелированные азолы
|
| 610 |
1 |
|
|a пурины
|
| 610 |
1 |
|
|a гетероциклы
|
| 610 |
1 |
|
|a учебные пособия
|
| 675 |
|
|
|a 547.7(075.8)
|v 3
|
| 700 |
|
1 |
|a Джоуль
|b Дж.
|g Джон
|
| 701 |
|
1 |
|a Миллс
|b К.
|g Кейт
|
| 801 |
|
1 |
|a RU
|b 63413507
|c 20050504
|g PSBO
|
| 801 |
|
2 |
|a RU
|b 63413507
|c 20200703
|g PSBO
|
| 900 |
|
|
|a Медицинская химия
|
| 942 |
|
|
|c BK
|
| 959 |
|
|
|a 47/20050504
|d 2
|e 0
|f НФ:2
|